000 00802nam a22002657a 4500
001 3959
003 FISKH
005 20240529084512.0
008 240528b cb ||||| |||| 00| 0 eng d
020 _a9780545312585
040 _aFISK
_beng
_cFISK
_dFISK
050 _aPZ7.R25576
082 _a823.92
100 _aReeve Philip
_d1966-
245 _aNo such thing as dragons /
_cPhilip Reeve
260 _aNew York :
_bScholastic,
_c2010
300 _a186 pages :
_c20 cm
505 _aQ
520 _aA young, mute boy who is apprenticed to a dragon-slayer suspects that the winged beasts do not exist, until he--and his master--learn the truth.
521 8 _a920
_bLexile
521 8 _aQ
_bRaz-Plus
700 _aPhilip Reeve
942 _2ddc
_cBK
_n0
999 _c3959
_d3959